[Event "TUR-chT Superleague 2018"]
[Site "Ankara"]
[Date "2018.07.27"]
[Round "3"]
[White "Tasdogen, Dincer"]
[Black "Can, Isik"]
[Result "1-0"]
[WhiteElo "2280"]
[BlackElo "2385"]
[Annotator "NA"]
[PlyCount "111"]
[EventDate "2018.07.25"]
[EventType "team-tourn"]
[EventCountry "TUR"]
[SourceTitle "playchess.com"]
[Source "ChessBase"]
[SourceQuality "1"]
[TimeControl "40/5400+30:1800+30"]

1. e4 c6 2. d4 d5 3. Nc3 dxe4 4. Nxe4 Bf5 5. Ng3 Bg6 6. h4 h6 7. f4 e6 8. h5 Bh7 9. Nf3 Nf6 10. Bd3 Bxd3 11. Qxd3 Bd6 12. Bd2 Nbd7 13. O-O-O O-O 14. Ne4 Nxe4 15. Qxe4 Nf6 16. Qe2 Qc7 17. Ne5 c5 18. dxc5 Qxc5 19. g4 Rac8 20. c3 Qd5 21. Kb1 Qe4+ 22. Qxe4 Nxe4 23. Be3 b6 24. Kc2 Rfd8 25. Bd4 f6 26. Ng6 Kf7 27. Rhe1 Nc5 28. Bxc5 Rxc5 29. Rd3 Rc6 30. b4 b5 31. Red1 Ke8 32. Kb3 Bc7 33. a4 Rxd3 34. Rxd3 bxa4+ 35. Kxa4 e5 36. fxe5 fxe5 37. Kb3 e4 38. Re3 Re6 39. c4 Kf7 40. c5 Bh2 {[%emt 1:57:30]} 41. Re2 {[%emt 1:47:30]} Bg1 {[%emt 0:00:30]} 42. Nf4 {[%emt 0:02:30]} Re8 {[%emt 0:04:43]} 43. Ra2 {[%emt 0:13:28]} Ra8 {[%emt 0:02:56]} 44. Nh3 {[%emt 0:02:37]} Bd4 {[%emt 0:00:50]} 45. Kc4 {[%emt 0:00:23]} Bf6 {[%emt 0:00:26]} 46. b5 {[%emt 0:00:40]} Be7 {[%emt 0:12:08]} 47. Nf4 {[%emt 0:03:03]} e3 {[%emt 0:00:51]} 48. Nd5 {[%emt 0:03:34]} Bg5 {[%emt 0:02:50]} 49. b6 {[%emt 0:05:02]} e2 {[%emt 0:00:31]} 50. Rxe2 {[%emt 0:01:00]} axb6 {[%emt 0:00:04]} 51. cxb6 {[%emt 0:01:53]} Bh4 {[%emt 0:00:45]} 52. Re3 {[%emt 0:01:35]} Bd8 {[%emt 0:00:57]} 53. b7 {[%emt 0:00:42]} Rb8 {[%emt 0:00:30]} 54. Rb3 {[%emt 0:00:00]} Ke6 {[%emt 0:00:17]} 55. Kc5 {[%emt 0:00:00]} Kd7 {[%emt 0:00:30]} 56. Nb6+ {[%emt 0:00:00]} 1-0

[Event "TUR-chT Superleague 2018"]
[Site "Ankara"]
[Date "2018.07.27"]
[Round "3"]
[White "Uzumcu, Ahmet Utku"]
[Black "Gurel, Ediz"]
[Result "1-0"]
[WhiteElo "2261"]
[BlackElo "1792"]
[Annotator "NA"]
[PlyCount "107"]
[EventDate "2018.07.25"]
[EventType "team-tourn"]
[EventCountry "TUR"]
[SourceTitle "playchess.com"]
[Source "ChessBase"]
[SourceQuality "1"]
[TimeControl "40/5400+30:1800+30"]

1. e4 {[%emt 0:00:30]} c5 {[%emt 0:01:00]} 2. Nf3 {[%emt 0:00:30]} e6 {[%emt 0:00:00]} 3. d4 {[%emt 0:00:30]} cxd4 {[%emt 0:00:00]} 4. Nxd4 {[%emt 0:00:00]} Nc6 {[%emt 0:00:30]} 5. Nxc6 {[%emt 0:01:00]} bxc6 {[%emt 0:00:30]} 6. Bd3 {[%emt 0:00:30]} Nf6 {[%emt 0:00:30]} 7. Nd2 {[%emt 0:02:30]} d5 {[%emt 0:00:30]} 8. Qe2 {[%emt 0:01:30]} Be7 {[%emt 0:02:30]} 9. O-O {[%emt 0:01:30]} O-O {[%emt 0:01:30]} 10. b3 {[%emt 0:02:30]} Bb4 {[%emt 0:04:30]} 11. e5 {[%emt 0:05:30]} Nd7 {[%emt 0:00:30]} 12. Bb2 {[%emt 0:01:30]} h6 {[%emt 0:01:30]} 13. Rad1 {[%emt 0:08:30]} Nc5 {[%emt 0:03:30]} 14. c3 {[%emt 0:07:30]} Nxd3 {[%emt 0:00:30]} 15. Qxd3 {[%emt 0:00:30]} Be7 {[%emt 0:02:30]} 16. Rfe1 {[%emt 0:00:30]} a5 {[%emt 0:01:30]} 17. Qg3 {[%emt 0:02:30]} a4 {[%emt 0:03:30]} 18. b4 {[%emt 0:01:30]} Ba6 {[%emt 0:02:30]} 19. a3 {[%emt 0:05:30]} Qb6 {[%emt 0:05:30]} 20. Nf3 {[%emt 0:02:30]} c5 {[%emt 0:01:30]} 21. Bc1 {[%emt 0:01:30]} Kh7 {[%emt 0:00:30]} 22. Be3 {[%emt 0:03:30]} Qc7 {[%emt 0:03:30]} 23. bxc5 {[%emt 0:17:30]} Bxc5 {[%emt 0:02:30]} 24. Bxc5 {[%emt 0:01:30]} Qxc5 {[%emt 0:00:30]} 25. Rd4 {[%emt 0:00:00]} f5 {[%emt 0:06:30]} 26. exf6 {[%emt 0:06:00]} Rxf6 {[%emt 0:00:30]} 27. Rxa4 {[%emt 0:02:30]} Ra7 {[%emt 0:04:30]} 28. Rh4 {[%emt 0:03:30]} Bc8 {[%emt 0:01:30]} 29. a4 {[%emt 0:04:05]} Rb7 {[%emt 0:03:30]} 30. Ne5 {[%emt 0:06:29]} Rb2 {[%emt 0:02:30]} 31. Ng4 {[%emt 0:03:32]} Rg6 {[%emt 0:00:30]} 32. Qd3 {[%emt 0:01:39]} Ba6 {[%emt 0:00:30]} 33. Qe3 {[%emt 0:02:56]} Qa3 {[%emt 0:04:30]} 34. h3 {[%emt 0:00:44]} Rc2 {[%emt 0:00:30]} 35. Nxh6 {[%emt 0:04:12]} gxh6 {[%emt 0:02:30]} 36. Qa7+ {[%emt 0:00:30]} Rg7 {[%emt 0:00:00]} 37. Qxa6 {[%emt 0:00:00]} Qf8 {[%emt 0:17:00]} 38. Qd3+ {[%emt 0:01:26]} Qf5 {[%emt 0:00:00]} 39. Qe3 {[%emt 0:00:14]} Rg6 {[%emt 0:01:00]} 40. Rf4 {[%emt 0:00:00]} Qg5 {[%emt 0:00:30]} 41. Rf7+ {[%emt 0:11:43]} Kg8 {[%emt 0:00:30]} 42. Qxg5 {[%emt 0:00:30]} hxg5 {[%emt 0:00:00]} 43. Re7 {[%emt 0:00:30]} Rf6 {[%emt 0:00:00]} 44. f3 {[%emt 0:00:30]} Rxc3 {[%emt 0:00:30]} 45. R1xe6 {[%emt 0:00:30]} Rf7 {[%emt 0:01:30]} 46. Rxf7 {[%emt 0:04:19]} Kxf7 {[%emt 0:00:30]} 47. Re5 {[%emt 0:00:30]} d4 {[%emt 0:00:30]} 48. Rxg5 {[%emt 0:00:00]} Ke6 {[%emt 0:00:30]} 49. Kf2 {[%emt 0:00:25]} Rc2+ {[%emt 0:00:00]} 50. Ke1 {[%emt 0:00:22]} d3 {[%emt 0:00:30]} 51. Kd1 {[%emt 0:00:20]} Ra2 {[%emt 0:00:30]} 52. a5 {[%emt 0:00:32]} Kf6 {[%emt 0:01:00]} 53. h4 {[%emt 0:00:45]} Ra4 {[%emt 0:00:30]} 54. g3 {[%emt 0:00:49]} 1-0

[Event "TUR-chT Superleague 2018"]
[Site "Ankara"]
[Date "2018.07.27"]
[Round "3"]
[White "Kizilkaya, Mehmet"]
[Black "Yurtseven, Melih"]
[Result "0-1"]
[WhiteElo "2205"]
[BlackElo "2404"]
[Annotator "NA"]
[PlyCount "102"]
[EventDate "2018.07.25"]
[EventType "team-tourn"]
[EventCountry "TUR"]
[SourceTitle "playchess.com"]
[Source "ChessBase"]
[SourceQuality "1"]
[TimeControl "40/5400+30:1800+30"]

1. e4 g6 2. d4 Bg7 3. Nc3 c6 4. Nf3 d6 5. h3 b5 6. a3 a6 7. Be2 Nf6 8. O-O O-O 9. Bg5 h6 10. Bf4 Kh7 11. e5 dxe5 12. Nxe5 Be6 13. Bf3 Nd5 14. Nxd5 Bxd5 15. c3 Bxf3 16. Qxf3 Qd5 17. Qe2 Bxe5 18. dxe5 Qe6 19. Qd2 Nd7 20. Bxh6 Rfd8 21. Rfe1 Nc5 22. Qg5 Qc4 23. f3 Rd5 24. f4 Ne6 25. Qh4 Rd2 26. Bg5+ Kg8 27. Rad1 Rad8 28. Rxd2 Rxd2 29. Bh6 Qc5+ 30. Kh1 Qf2 31. Qxf2 Rxf2 32. f5 gxf5 33. Bc1 Rc2 34. Rf1 Nc5 35. Bg5 Ne4 36. Bh4 e6 37. Rd1 Rxb2 38. Rd8+ Kg7 39. Rc8 Rb3 40. Rxc6 Rxa3 41. Be7 Ra1+ 42. Kh2 a5 43. h4 Rc1 44. Ra6 a4 {[%emt 1:40:30]} 45. Ra5 {[%emt 2:01:30]} Rb1 {[%emt 0:00:30]} 46. Bb4 {[%emt 0:00:30]} Rb3 {[%emt 0:00:30]} 47. g3 {[%emt 0:00:30]} Rb2+ {[%emt 0:00:30]} 48. Kg1 {[%emt 0:01:30]} Nxg3 {[%emt 0:01:30]} 49. Rxb5 {[%emt 0:00:30]} a3 {[%emt 0:01:30]} 50. h5 {[%emt 0:01:03]} f4 {[%emt 0:01:30]} 51. c4 {[%emt 0:02:23]} f3 {[%emt 0:00:30]} 0-1

[Event "TUR-chT Superleague 2018"]
[Site "Ankara"]
[Date "2018.07.27"]
[Round "3"]
[White "Kamer, Kayra"]
[Black "Gunduz, Umut Erdem"]
[Result "1-0"]
[WhiteElo "2181"]
[BlackElo "2130"]
[Annotator "NA"]
[PlyCount "65"]
[EventDate "2018.07.25"]
[EventType "team-tourn"]
[EventCountry "TUR"]
[SourceTitle "playchess.com"]
[Source "ChessBase"]
[SourceQuality "1"]
[TimeControl "40/5400+30:1800+30"]

1. e4 {[%emt 0:00:30]} e5 {[%emt 0:01:00]} 2. Nf3 {[%emt 0:00:30]} Nc6 {[%emt 0:00:30]} 3. Nc3 {[%emt 0:00:30]} Nf6 {[%emt 0:00:00]} 4. Bb5 {[%emt 0:00:00]} Bb4 {[%emt 0:00:00]} 5. O-O {[%emt 0:00:00]} O-O {[%emt 0:00:30]} 6. d3 {[%emt 0:03:30]} d6 {[%emt 0:00:30]} 7. Bg5 {[%emt 0:00:30]} Ne7 {[%emt 0:00:30]} 8. Ne2 {[%emt 0:04:30]} c6 {[%emt 0:09:30]} 9. Ba4 {[%emt 0:00:00]} Ng6 {[%emt 0:03:30]} 10. c3 {[%emt 0:02:00]} Ba5 {[%emt 0:02:30]} 11. Nh4 {[%emt 0:00:30]} h6 {[%emt 0:09:30]} 12. Nxg6 {[%emt 0:03:30]} fxg6 {[%emt 0:00:00]} 13. Bxf6 {[%emt 0:06:30]} Qxf6 {[%emt 0:04:00]} 14. d4 {[%emt 0:00:30]} Kh7 {[%emt 0:11:30]} 15. Qd3 {[%emt 0:05:30]} Bb6 {[%emt 0:04:30]} 16. Kh1 {[%emt 0:07:30]} Qh4 {[%emt 0:09:30]} 17. g3 {[%emt 0:00:00]} Qe7 {[%emt 0:09:30]} 18. f4 {[%emt 0:01:00]} exd4 {[%emt 0:02:30]} 19. Nxd4 {[%emt 0:10:30]} Bh3 {[%emt 0:16:40]} 20. Rfe1 {[%emt 0:00:00]} Rad8 {[%emt 0:05:42]} 21. Bc2 {[%emt 0:00:00]} Qf7 {[%emt 0:02:12]} 22. Nf3 {[%emt 0:04:30]} Bg4 {[%emt 0:06:34]} 23. Nh4 {[%emt 0:00:00]} Kh8 {[%emt 0:00:36]} 24. e5 {[%emt 0:02:00]} dxe5 {[%emt 0:00:39]} 25. Qxg6 {[%emt 0:00:30]} Qxg6 {[%emt 0:00:39]} 26. Nxg6+ {[%emt 0:00:30]} Kg8 {[%emt 0:00:25]} 27. Bb3+ {[%emt 0:00:00]} Kh7 {[%emt 0:00:29]} 28. Nxf8+ {[%emt 0:01:00]} Rxf8 {[%emt 0:00:01]} 29. Bd1 {[%emt 0:01:30]} Bxd1 {[%emt 0:01:19]} 30. Raxd1 {[%emt 0:00:30]} exf4 {[%emt 0:00:04]} 31. gxf4 {[%emt 0:00:00]} Rxf4 {[%emt 0:00:59]} 32. Rd7 {[%emt 0:00:00]} Rf2 {[%emt 0:00:21]} 33. Rg1 {[%emt 0:00:30]} 1-0

[Event "TUR-chT Superleague 2018"]
[Site "Ankara"]
[Date "2018.07.27"]
[Round "3"]
[White "Tofan, Ibrahim"]
[Black "Karagollu, Ahmet"]
[Result "1-0"]
[WhiteElo "2169"]
[BlackElo "2127"]
[Annotator "NA"]
[PlyCount "155"]
[EventDate "2018.07.25"]
[EventType "team-tourn"]
[EventCountry "TUR"]
[SourceTitle "playchess.com"]
[Source "ChessBase"]
[SourceQuality "1"]
[TimeControl "40/5400+30:1800+30"]

1. Nf3 Nf6 2. c4 g6 3. b3 Bg7 4. Bb2 c5 5. g3 b6 6. Bg2 Bb7 7. O-O O-O 8. Nc3 d6 9. d4 cxd4 10. Nxd4 Bxg2 11. Kxg2 Qd7 12. e4 Nc6 13. Nxc6 Qxc6 14. Nd5 Nxd5 15. exd5 Qb7 16. Bxg7 Kxg7 17. Kg1 Kg8 18. Re1 Rac8 19. a4 a6 20. Qd4 Rc5 21. Qe3 Re8 22. Qh6 Rc7 23. Rad1 Rf8 24. Rd4 f6 25. Rde4 b5 26. axb5 axb5 27. Qe3 bxc4 28. bxc4 Rf7 29. h4 Qc8 30. Rc1 Qb7 31. h5 gxh5 32. Rh4 Qc8 33. Qe2 Rg7 34. Qxh5 Qf8 35. Qf5 Qc8 36. Qe4 Kh8 37. Kg2 Qe8 38. Rch1 Qf7 39. Qf5 Ra7 40. Qb1 Ra8 41. Qb7 Qg8 42. Qb1 Ra3 43. R1h3 Ra8 44. Rh6 Rc8 45. Qe4 Qf7 46. R3h4 Rb8 {[%emt 2:02:30]} 47. Qd4 {[%emt 1:41:30]} Qg8 {[%emt 0:00:30]} 48. Rh3 {[%emt 0:00:30]} Ra8 {[%emt 0:00:30]} 49. Qe4 {[%emt 0:03:30]} Ra4 {[%emt 0:01:30]} 50. Qc2 {[%emt 0:01:30]} Ra5 {[%emt 0:00:53]} 51. R6h4 {[%emt 0:01:30]} Rc5 {[%emt 0:00:41]} 52. Qd3 {[%emt 0:00:30]} Ra5 {[%emt 0:00:32]} 53. Rh1 {[%emt 0:00:00]} Ra2 {[%emt 0:01:04]} 54. Re1 {[%emt 0:01:00]} Qa8 {[%emt 0:02:08]} 55. Reh1 {[%emt 0:02:30]} Qg8 {[%emt 0:00:08]} 56. Qf3 {[%emt 0:01:30]} Qa8 {[%emt 0:02:15]} 57. Re1 {[%emt 0:00:30]} Ra3 {[%emt 0:00:59]} 58. Qf4 {[%emt 0:02:30]} Qg8 {[%emt 0:03:35]} 59. Rhh1 {[%emt 0:00:30]} Ra4 {[%emt 0:00:48]} 60. Re4 {[%emt 0:02:30]} Ra7 {[%emt 0:02:49]} 61. Rhe1 {[%emt 0:00:30]} Qd8 {[%emt 0:01:56]} 62. Qe3 {[%emt 0:01:30]} Rb7 {[%emt 0:00:35]} 63. Re6 {[%emt 0:00:30]} Qc7 {[%emt 0:01:57]} 64. Qf4 {[%emt 0:00:30]} Qd7 {[%emt 0:00:39]} 65. Ra1 {[%emt 0:01:30]} Ra7 {[%emt 0:01:31]} 66. Rae1 {[%emt 0:03:30]} Rc7 {[%emt 0:00:11]} 67. Qd4 {[%emt 0:01:30]} Qc8 {[%emt 0:00:55]} 68. R1e4 {[%emt 0:00:30]} Kg8 {[%emt 0:02:06]} 69. Qd3 {[%emt 0:02:30]} Qd7 {[%emt 0:01:08]} 70. Qe2 {[%emt 0:00:30]} Kf8 {[%emt 0:01:20]} 71. Qh5 {[%emt 0:01:30]} Rc8 {[%emt 0:00:30]} 72. Qf5 {[%emt 0:01:34]} Rd8 {[%emt 0:01:07]} 73. c5 {[%emt 0:04:18]} dxc5 {[%emt 0:00:30]} 74. d6 {[%emt 0:00:34]} exd6 {[%emt 0:01:13]} 75. Qxf6+ {[%emt 0:00:22]} Kg8 {[%emt 0:00:46]} 76. Re7 {[%emt 0:00:28]} Rxe7 {[%emt 0:00:41]} 77. Rxe7 {[%emt 0:00:34]} Qg4 {[%emt 0:00:26]} 78. Qf7+ {[%emt 0:00:04]} 1-0

[Event "TUR-chT Superleague 2018"]
[Site "Ankara"]
[Date "2018.07.27"]
[Round "3"]
[White "Bozbey, Ali"]
[Black "Unat, Can Haktan"]
[Result "1/2-1/2"]
[WhiteElo "2126"]
[BlackElo "2047"]
[Annotator "NA"]
[PlyCount "88"]
[EventDate "2018.07.25"]
[EventType "team-tourn"]
[EventCountry "TUR"]
[SourceTitle "playchess.com"]
[Source "ChessBase"]
[SourceQuality "1"]
[TimeControl "40/5400+30:1800+30"]

1. e4 {[%emt 0:00:30]} e5 {[%emt 0:01:00]} 2. Nf3 {[%emt 0:01:30]} Nf6 {[%emt 0:00:30]} 3. Nc3 {[%emt 0:00:30]} Bb4 {[%emt 0:00:00]} 4. Nxe5 {[%emt 0:00:30]} O-O {[%emt 0:01:00]} 5. Nd3 {[%emt 0:00:00]} Bxc3 {[%emt 0:00:00]} 6. dxc3 {[%emt 0:00:00]} Nxe4 {[%emt 0:00:00]} 7. Nf4 {[%emt 0:01:30]} d6 {[%emt 0:03:30]} 8. Be3 {[%emt 0:07:30]} Nd7 {[%emt 0:00:30]} 9. Qf3 {[%emt 0:03:30]} Ndf6 {[%emt 0:01:30]} 10. h3 {[%emt 0:00:30]} b6 {[%emt 0:00:30]} 11. Nh5 {[%emt 0:03:30]} Bb7 {[%emt 0:05:30]} 12. Nxf6+ {[%emt 0:00:30]} Qxf6 {[%emt 0:00:00]} 13. Qxf6 {[%emt 0:01:30]} Nxf6 {[%emt 0:00:00]} 14. O-O-O {[%emt 0:00:30]} Rae8 {[%emt 0:01:30]} 15. Rg1 {[%emt 0:01:30]} Nd7 {[%emt 0:01:30]} 16. Bb5 {[%emt 0:01:30]} Re7 {[%emt 0:00:30]} 17. Bxd7 {[%emt 0:05:30]} Rxd7 {[%emt 0:00:30]} 18. g3 {[%emt 0:01:30]} Re8 {[%emt 0:00:30]} 19. Rd4 {[%emt 0:00:30]} Rde7 {[%emt 0:03:30]} 20. Ra4 {[%emt 0:01:30]} a5 {[%emt 0:00:30]} 21. Rd1 {[%emt 0:02:30]} Bf3 {[%emt 0:04:30]} 22. Rd2 {[%emt 0:02:30]} Be4 {[%emt 0:08:30]} 23. Rd1 {[%emt 0:08:30]} Bf3 {[%emt 0:04:30]} 24. Rd2 {[%emt 0:10:30]} Be4 {[%emt 0:00:30]} 25. b4 {[%emt 0:08:30]} Bc6 {[%emt 0:00:30]} 26. Ra3 {[%emt 0:00:30]} a4 {[%emt 0:09:30]} 27. c4 {[%emt 0:05:30]} Re4 {[%emt 0:00:00]} 28. Rc3 {[%emt 0:00:30]} Bd7 {[%emt 0:00:00]} 29. c5 {[%emt 0:01:30]} bxc5 {[%emt 0:05:30]} 30. bxc5 {[%emt 0:00:30]} Be6 {[%emt 0:00:00]} 31. cxd6 {[%emt 0:08:30]} cxd6 {[%emt 0:00:00]} 32. Rxd6 {[%emt 0:00:30]} Bxa2 {[%emt 0:00:30]} 33. Ra6 {[%emt 0:02:30]} Be6 {[%emt 0:03:30]} 34. h4 {[%emt 0:00:30]} h6 {[%emt 0:00:00]} 35. Ra3 {[%emt 0:06:25]} Rc8 {[%emt 0:01:00]} 36. R3xa4 {[%emt 0:01:10]} Rxa4 {[%emt 0:00:30]} 37. Rxa4 {[%emt 0:00:30]} Bb3 {[%emt 0:00:00]} 38. Rb4 {[%emt 0:00:00]} Bxc2 {[%emt 0:00:00]} 39. Kd2 {[%emt 0:00:00]} Bg6 {[%emt 0:00:30]} 40. Rb2 {[%emt 0:00:00]} Rd8+ {[%emt 0:00:30]} 41. Ke2 {[%emt 0:01:25]} Rc8 {[%emt 0:00:30]} 42. Kf3 {[%emt 0:01:30]} h5 {[%emt 0:02:30]} 43. Rb4 {[%emt 0:00:30]} Re8 {[%emt 0:01:30]} 44. Kf4 {[%emt 0:03:30]} Re6 {[%emt 0:00:30]} 1/2-1/2

[Event "TUR-chT Superleague 2018"]
[Site "Ankara"]
[Date "2018.07.27"]
[Round "3"]
[White "Bolat, Ahmet"]
[Black "Asadli, Vugar"]
[Result "0-1"]
[WhiteElo "2124"]
[BlackElo "2478"]
[Annotator "ChessBase"]
[PlyCount "70"]
[EventDate "2018.07.25"]
[EventType "team-tourn"]
[EventCountry "TUR"]
[SourceTitle "playchess.com"]
[Source "ChessBase"]
[SourceQuality "1"]
[TimeControl "40/5400+30:1800+30"]

1. g3 {[%emt 0:00:30]} g6 {[%emt 0:01:00]} 2. Bg2 {[%emt 0:00:00]} Bg7 {[%emt 0:00:30]} 3. e4 {[%emt 0:02:00]} c5 {[%emt 0:01:30]} 4. f4 {[%emt 0:03:30]} Nc6 {[%emt 0:02:30]} 5. Nf3 {[%emt 0:00:30]} d6 {[%emt 0:01:30]} 6. O-O {[%emt 0:00:30]} e6 {[%emt 0:03:30]} 7. d3 {[%emt 0:02:30]} Nge7 {[%emt 0:00:00]} 8. c3 {[%emt 0:00:00]} O-O {[%emt 0:01:00]} 9. Be3 {[%emt 0:00:00]} b6 {[%emt 0:00:30]} 10. Nbd2 {[%emt 0:09:30]} Ba6 {[%emt 0:01:30]} 11. Qe2 {[%emt 0:00:30]} Qd7 {[%emt 0:06:30]} 12. g4 {[%emt 0:00:30]} d5 {[%emt 0:07:30]} 13. e5 {[%emt 0:01:30]} d4 {[%emt 0:01:30]} 14. cxd4 {[%emt 0:00:30]} cxd4 {[%emt 0:00:30]} 15. Bf2 {[%emt 0:00:00]} Nd5 {[%emt 0:00:00]} 16. Qe4 {[%emt 0:01:00]} f5 {[%emt 0:01:00]} 17. exf6 {[%emt 0:02:30]} Nxf6 {[%emt 0:00:30]} 18. Qe2 {[%emt 0:02:30]} Nd5 {[%emt 0:03:30]} 19. Bg3 {[%emt 0:00:30]} Ne3 {[%emt 0:02:30]} 20. Rfc1 {[%emt 0:01:30]} Rae8 {[%emt 0:03:30]} 21. Ne5 {[%emt 0:16:30]} Nxe5 {[%emt 0:02:30]} 22. fxe5 {[%emt 0:00:30]} Nxg2 {[%emt 0:00:30]} 23. Kxg2 {[%emt 0:00:30]} Bh6 {[%emt 0:00:30]} 24. Rf1 {[%emt 0:03:30]} Be3 {[%emt 0:02:30]} 25. Rxf8+ {[%emt 0:03:30]} Rxf8 {[%emt 0:00:30]} 26. Rf1 {[%emt 0:00:30]} Bb7+ {[%emt 0:23:30]} 27. Ne4 {[%emt 0:02:30]} Rxf1 {[%emt 0:01:30]} 28. Qxf1 {[%emt 0:02:30]} Bxe4+ {[%emt 0:00:30]} 29. dxe4 {[%emt 0:00:30]} d3 {[%emt 0:00:30]} 30. Qd1 {[%emt 0:02:30]} d2 {[%emt 0:00:30]} 31. Bf2 {[%emt 0:02:30]} Bh6 {[%emt 0:00:30]} 32. h4 {[%emt 0:01:30]} Qd3 {[%emt 0:01:30]} 33. Qa4 {[%emt 0:00:30]} d1=Q {[%emt 0:02:30]} 34. Qe8+ {[%emt 0:00:30]} Bf8 {[%emt 0:00:00]} 35. Qxe6+ {[%emt 0:01:30]} Kh8 {[%emt 0:00:00]} 0-1

[Event "TUR-chT Superleague 2018"]
[Site "Ankara"]
[Date "2018.07.27"]
[Round "3"]
[White "Tarlabasi, Emirhan"]
[Black "Ozenir, Ekin Baris"]
[Result "0-1"]
[WhiteElo "2117"]
[BlackElo "2300"]
[Annotator "NA"]
[PlyCount "88"]
[EventDate "2018.07.25"]
[EventType "team-tourn"]
[EventCountry "TUR"]
[SourceTitle "playchess.com"]
[Source "ChessBase"]
[SourceQuality "1"]
[TimeControl "40/5400+30:1800+30"]

1. d4 Nf6 2. c4 e6 3. Nf3 b6 4. e3 Bb7 5. Bd3 d5 6. O-O Bd6 7. b3 O-O 8. Bb2 Nbd7 9. Nbd2 Ne4 10. a3 a5 11. Qe2 f5 12. Rfd1 Qf6 13. Nf1 Qe7 14. N3d2 c5 15. f3 Nef6 16. cxd5 Nxd5 17. Nc4 Bc7 18. Rac1 Rad8 19. Ne5 cxd4 20. Nxd7 Rxd7 21. Bb5 Rdd8 22. Rxd4 Bd6 23. a4 Bc5 24. Rdc4 e5 25. Kh1 Kh8 26. Rd1 Nc7 27. Rcc1 Nxb5 28. Qxb5 h6 29. Qc4 Rc8 30. Qe2 Qe6 31. Nd2 Rfd8 32. Nc4 Ba6 33. e4 f4 34. Rxd8+ Rxd8 35. Qc2 Be3 36. Re1 Rc8 37. Qd1 Bxc4 38. bxc4 {[%emt 1:24:00]} Rxc4 {[%emt 1:17:30]} 39. Qd8+ {[%emt 0:00:30]} Kh7 {[%emt 0:00:30]} 40. h3 {[%emt 0:00:30]} Rc2 {[%emt 0:30:30]} 41. Ba3 {[%emt 0:31:30]} Qg6 {[%emt 0:02:30]} 42. g4 {[%emt 0:00:00]} fxg3 {[%emt 0:02:30]} 43. Rxe3 {[%emt 0:00:00]} g2+ {[%emt 0:00:30]} 44. Kg1 {[%emt 0:00:30]} Qg3 {[%emt 0:00:00]} 0-1

[Event "TUR-chT Superleague 2018"]
[Site "Ankara"]
[Date "2018.07.27"]
[Round "3"]
[White "Erdogan, Anil Berk"]
[Black "Alekseenko, Kirill"]
[Result "0-1"]
[WhiteElo "2110"]
[BlackElo "2627"]
[Annotator "TA"]
[PlyCount "64"]
[EventDate "2018.07.25"]
[EventType "team-tourn"]
[EventCountry "TUR"]
[SourceTitle "playchess.com"]
[Source "ChessBase"]
[SourceQuality "1"]

{[%evp 15,64,0,0,0,22,3,-3,0,17,0,-2,-27,-13,-13,-22,-40,-23,-47,-60,-103,-108,-137,-87,-122,-83,-183,-79,-84,-60,-307,-247,-533,-529,-527,-512,-554,-554,-547,-537,-512,-433,-713,-700,-719,-658,-814,-807,-814,-494,-495,-466]} 1. e4 c5 2. Nf3 Nc6 3. c3 Qa5 4. Na3 e6 5. Nc4 Qc7 6. d4 {B22: Sicilian: 2 c3} cxd4 7. cxd4 d5 8. exd5 exd5 {LiveBook: 4 Games} 9. Nce5 (9. Ne3 Nf6 10. Bd3 Bd6 11. O-O O-O 12. h3 Qb6 {½-½ (74) Srinath,R (2355)-Ilincic,Z (2463) Budapest 2018}) 9... Bd6 10. Nxc6 bxc6 11. Bd3 Bg4 12. a3 $146 ({Predecessor:} 12. h3 Bh5 {1-0 (41) Tanrikulu,S (2259)-Gurcan,S (2237) Konya 2010}) 12... Bxh2 13. Rxh2 Bxf3 $1 14. Qc2 $1 Ne7 15. g3 Qd7 16. Bg5 f6 $36 {[%mdl 2048] Black has good play.} 17. Bf4 Kf7 18. Kf1 Rae8 19. Re1 g6 {[%cal Bg7g6,Bg6g5][%mdl 32]} 20. b4 (20. Bd2 $17 {might work better.}) 20... Bg4 (20... h5 $1 $19 {Threatens to win with ...g5.} 21. Bd2 Be4 $1 {[%mdl 512]} 22. Bxe4 dxe4 23. Rxe4 Qd5) 21. Qc5 $17 g5 22. Bd6 $2 (22. Bd2 $1 $15) 22... Bh3+ 23. Rxh3 $2 (23. Kg1 {was the only chance.} Nc8 24. Rc1) 23... Qxh3+ $19 {Black is clearly winning.} 24. Kg1 {[#]} Nc8 $1 {[%cal Be7c8,Bc8b6,Bb6d7][%mdl 32]} 25. Rc1 Qd7 26. Bb8 {If only White now had time for b5....} Nb6 27. Bd6 Rd8 28. Qc2 (28. Qa5 $142 Qxd6 29. Qxa7+ Nd7 30. Bf5) 28... Qxd6 29. Bxh7 Kf8 30. Qg6 Qe7 31. Rxc6 Nd7 ({Weaker is} 31... Qxh7 32. Qxf6+ Ke8 33. Qe5+ Qe7 34. Re6 $15) 32. Qh6+ Qg7 {Precision: White = 27%, Black = 45%.} 0-1

[Event "TUR-chT Superleague 2018"]
[Site "Ankara"]
[Date "2018.07.27"]
[Round "3"]
[White "Caglar, Ahmet Ata"]
[Black "Yilmaz, Goktan"]
[Result "1/2-1/2"]
[WhiteElo "2097"]
[BlackElo "2233"]
[Annotator "NA"]
[PlyCount "64"]
[EventDate "2018.07.25"]
[EventType "team-tourn"]
[EventCountry "TUR"]
[SourceTitle "playchess.com"]
[Source "ChessBase"]
[SourceQuality "1"]
[TimeControl "40/5400+30:1800+30"]

1. e4 {[%emt 0:00:30]} e5 {[%emt 0:01:00]} 2. Nf3 {[%emt 0:00:30]} Nc6 {[%emt 0:00:30]} 3. Bb5 {[%emt 0:00:30]} a6 {[%emt 0:00:00]} 4. Ba4 {[%emt 0:00:00]} Nf6 {[%emt 0:00:00]} 5. O-O {[%emt 0:00:00]} Be7 {[%emt 0:00:00]} 6. d3 {[%emt 0:00:30]} b5 {[%emt 0:02:00]} 7. Bb3 {[%emt 0:00:30]} d6 {[%emt 0:00:30]} 8. a4 {[%emt 0:02:30]} b4 {[%emt 0:13:30]} 9. a5 {[%emt 0:02:30]} O-O {[%emt 0:02:30]} 10. Nbd2 {[%emt 0:03:30]} Rb8 {[%emt 0:05:30]} 11. h3 {[%emt 0:02:30]} Be6 {[%emt 0:05:30]} 12. Nc4 {[%emt 0:07:30]} Nd7 {[%emt 0:05:30]} 13. Be3 {[%emt 0:02:30]} Bf6 {[%emt 0:05:30]} 14. Ba4 {[%emt 0:20:30]} Nd4 {[%emt 0:06:30]} 15. Nxd4 {[%emt 0:05:30]} exd4 {[%emt 0:00:00]} 16. Bd2 {[%emt 0:00:30]} Nc5 {[%emt 0:02:00]} 17. b3 {[%emt 0:01:30]} d5 {[%emt 0:07:30]} 18. e5 {[%emt 0:02:30]} dxc4 {[%emt 0:10:30]} 19. exf6 {[%emt 0:00:30]} Qxf6 {[%emt 0:02:30]} 20. bxc4 {[%emt 0:01:30]} Nxa4 {[%emt 0:00:30]} 21. Rxa4 {[%emt 0:00:00]} c5 {[%emt 0:00:30]} 22. Re1 {[%emt 0:06:00]} Rfe8 {[%emt 0:02:30]} 23. Ra1 {[%emt 0:02:30]} Qg6 {[%emt 0:02:30]} 24. Bf4 {[%emt 0:05:30]} Rbc8 {[%emt 0:00:30]} 25. Qf3 {[%emt 0:01:30]} Bd7 {[%emt 0:02:30]} 26. Qg3 {[%emt 0:06:30]} Qxg3 {[%emt 0:07:12]} 27. Bxg3 {[%emt 0:00:30]} Rxe1+ {[%emt 0:03:12]} 28. Rxe1 {[%emt 0:00:30]} Ba4 {[%emt 0:00:21]} 29. Re2 {[%emt 0:00:00]} Re8 {[%emt 0:00:41]} 30. Rxe8+ {[%emt 0:01:00]} Bxe8 {[%emt 0:00:30]} 31. Bd6 {[%emt 0:00:30]} Ba4 {[%emt 0:00:30]} 32. Bxc5 {[%emt 0:00:30]} Bxc2 {[%emt 0:00:30]} 1/2-1/2